000 00733nam a2200193Ii 4500
003 JO-AjNU
008 230605s9999||||xx |||||||||||||| ||und||
040 _aJO-AjNU
_bara
_erda
_cJO-AjNU
041 _aara
050 1 4 _aBP173.755.M8396 1987
100 3 _aموسى، محمد يوسف,
_eauthor
_917075
245 0 0 _aالأموال ونظرية العقد في الفقه الإسلامي مع مدخل لدراسة الفقه والفلسفة: دراسة مقارنة
264 3 1 _aد.م: دار الفكر العربي، 1987
300 _a524ص
336 _atext
_btxt
_2rdacontent
337 _aunmediated
_bn
_2rdamedia
338 _avolume
_bnc
_2rdacarrier
650 4 _aالمعاملات- الفقه الاسلامي
_917076
999 _aA5198
_c8766
_d8766